000 00635nam a22002177a 4500
999 _c16117
_d16117
003 AR-CdUCM
008 190502b ||||| |||| 00| 0 spa d
040 _aMUNICIPALIDAD PROVINCIAL DEL CUSCO
_cBIBLIOTECA MUNICIPAL DEL CUSCO
082 _a843 /
_bB72
100 _aBordeaux, Henry
_935402
245 _aEl miedo de vivir /
260 _aSantiago de Chile :
_bEdic. Ercilla,
_c1935.
300 _a224 paginas ;
_c19 cm.
440 _nParte 1
_917473
505 _aContenido :Novela /
650 _aLiteratura francesa
_9913
650 _aNovela
_95
650 _aSiglo XX
_98
942 _2ddc
_cLIBROS
945 _arjall
_d2019-05-02